Normal view MARC view
  • Урангуа, Жамсрангийн

Entry Personal Name

Number of records used in: 1

001 - CONTROL NUMBER

  • control field: 71018

003 - CONTROL NUMBER IDENTIFIER

  • control field: OSt

005 - DATE AND TIME OF LATEST TRANSACTION

  • control field: 20260421144941.0

008 - FIXED-LENGTH DATA ELEMENTS

  • fixed length control field: 260421|| aca||aabn | a|a d

040 ## - CATALOGING SOURCE

  • Original cataloging agency: OSt
  • Transcribing agency: OSt

100 ## - HEADING--PERSONAL NAME

  • Personal name: Урангуа, Жамсрангийн

670 ## - SOURCE DATA FOUND

  • Source citation: Work cat.: (OSt)31961: Густав Йон Рамстедт 62972 зохиогч, Дорно этгээдэд долоон удаа : Черемис, Халимаг, Афганистан, Туркестан, Монголоор аялсан тэмдэглэл : 1898-1912 /